3 najwieksze miasto państw Europy - Statystyki

Ogólne statystyki
  • Ten quiz został rozwiązany 134 razy
  • Średni wynik to 10 z 46
Statystyki odpowiedzi
Nazwa państwa Odpowiedź % Poprawnych
Polska Łódź
93%
Niemcy Monachium
73%
Włochy Neapol
61%
Francja Lyon
60%
Hiszpania Walencja
57%
Hiszpania Walencja
57%
Holandia Haga
50%
Czechy Ostrawa
49%
Austria Linz
45%
Szwecja Malmo
45%
Ukraina Odessa
44%
Litwa Kłajpeda
37%
Wielka brytania Leeds
35%
Bułgaria Warna
35%
Chorwacja Rijeka
28%
Rosja Niżny Nowogród
26%
Dania Odense
18%
Belgia Charleroi
13%
San marino San Marino
13%
Finlandia Tampere
12%
Rumunia Timisoara
12%
Cypr Larnaka
11%
Białoruś Mohylew
11%
Serbia Nisz
10%
Irlandia Limerick
8%
Słowacja Preszów
8%
Węgry Segedyn
8%
Albania Szkodra
8%
Mołdawia Tyraspol
8%
Estonia Narwa
7%
Łotwa Lipawa
6%
Grecja Patras
5%
Malta Valetta
5%
Słowenia Celje
4%
Turcja Edirne
3%
Bosnia i Hercegowina Tuzla
3%
Kosowo Mitrowica
2%
Luksemburg Differdange
1%
Islandia Hafnarfjörður
1%
Macedonia Kumanowo
1%
Norwegia Stanvanger
1%
Portugalia Vila Nova de Gaia
1%
Czarnogóra Pljevlja
0%
Andora Sant Julia de Loria
0%
Liechstein Triesen
0%
Kazachstan Żangaozen
0%
Nie znaleziono quizów pasujących do podanych kryteriów
Rozkład punktacji
Procent ludzi z każdym wynikiem
Percentyl według liczby udzielonych odpowiedzi
Twoja historia wyników
Nie rozwiązałeś tego quizu